000 00433nam a22001697a 4500
003 CEME
005 20210628203310.0
008 210122b xxu||||| |||| 00| 0 eng d
040 _c.
082 _a150.947 PRE
100 _aO'connor, Neil
_937564
245 _aPresent day russian psychology
260 _aLAHORE
_bNATIONAL BOOK FOUNDATION
_c2007
300 _aXV,201 P
650 _aRUSSIAN PSYCHOLOGY
_964558
942 _cBK
_2ddc
999 _c573011
_d573011